[Event "Angers op 14th"]
[Site "Angers"]
[Date "2019.06.01"]
[Round "4"]
[White "Demuth, Adrien"]
[Black "Demanghon, Jonathan"]
[Result "1-0"]
[WhiteElo "2517"]
[BlackElo "2205"]
[PlyCount "93"]
[EventDate "2019.05.31"]
[EventType "swiss"]
[EventRounds "6"]
[EventCountry "FRA"]
[SourceTitle "CBM 190 Extra"]
[Source "ChessBase"]
[SourceDate "2019.07.15"]
[SourceVersion "1"]
[SourceVersionDate "2019.07.15"]
[SourceQuality "1"]

1. c4 e5 2. Nc3 Nc6 3. e3 Nf6 4. Nf3 Be7 5. a3 a5 6. Be2 0-0 7. 0-0 d5 8. cxd5 Nxd5 9. Qc2 Bg4 10. h3 Bh5 11. Nxe5 Nxe5 12. Bxh5 Nxc3 13. bxc3 Qd3 14. Qd1 Qf5 15. d4 Rad8 16. Be2 Rd6 17. Qb3 Ng6 18. Bg4 Qe4 19. Bf3 Qh4 20. e4 Rb6 21. Qd5 Nf4 22. Qf5 Nd3 23. g3 Qf6 24. Qxf6 Bxf6 25. Rd1 Nxc1 26. Rdxc1 Be7 27. a4 Rd8 28. Rab1 Rxb1 29. Rxb1 b6 30. Kf1 g6 31. Ke2 Bf6 32. Kd3 h6 33. Kc4 Bg7 34. Bg2 g5 35. e5 Kf8 36. Bc6 Ke7 37. Kb5 f6 38. f4 fxe5 39. fxe5 Rf8 40. Ka6 Rf2 41. Kb7 Kd8 42. Rb5 Rc2 43. Rd5+ Ke7 44. Rd7+ Kf8 45. Rd8+ Ke7 46. Rd7+ Kf8 47. Bd5 1-0

[Event "Angers op 14th"]
[Site "Angers"]
[Date "2019.06.01"]
[Round "3"]
[White "Mas, Victor"]
[Black "Demanghon, Jonathan"]
[Result "0-1"]
[WhiteElo "2125"]
[BlackElo "2205"]
[PlyCount "88"]
[EventDate "2019.05.31"]
[EventType "swiss"]
[EventRounds "6"]
[EventCountry "FRA"]
[SourceTitle "CBM 190 Extra"]
[Source "ChessBase"]
[SourceDate "2019.07.15"]
[SourceVersion "1"]
[SourceVersionDate "2019.07.15"]
[SourceQuality "1"]

1. d4 d5 2. Nf3 Nf6 3. g3 Bf5 4. Bg2 e6 5. 0-0 Be7 6. c4 c6 7. Nc3 Nbd7 8. Qb3 Qb6 9. c5 Qa6 10. Nh4 b6 11. Nxf5 exf5 12. cxb6 axb6 13. Qc2 g6 14. b3 0-0 15. Bb2 b5 16. Rfc1 Qb7 17. Qd3 Ra6 18. Rc2 Rfa8 19. a4 Nb6 20. Rb1 bxa4 21. bxa4 Nxa4 22. Ba3 Rb6 23. Rxb6 Nxb6 24. Bxe7 Ra1+ 25. Nd1 Qxe7 26. Rxc6 Qb4 27. Kf1 Nc4 28. Bxd5 Nd2+ 29. Kg2 Nxd5 30. Ne3 Qb7 31. Qc2 Nxe3+ 32. fxe3 Nb3 33. d5 Rc1 34. Qd3 Rxc6 35. dxc6 Qxc6+ 36. Kf2 Nc5 37. Qd8+ Kg7 38. Qd4+ f6 39. Qd8 Ne4+ 40. Kf1 Qc1+ 41. Kg2 Qxe3 42. Qe7+ Kh6 43. Qf8+ Kh5 44. g4+ Kxg4 0-1

[Event "Sautron op 15th"]
[Site "Sautron"]
[Date "2015.10.23"]
[Round "6.17"]
[White "Demanghon, Jonathan"]
[Black "Pottier, Simeon"]
[Result "1/2-1/2"]
[WhiteElo "2166"]
[BlackElo "1843"]
[PlyCount "64"]
[EventDate "2015.10.24"]
[EventType "swiss"]
[EventRounds "9"]
[EventCountry "FRA"]
[SourceTitle "EXT 2019"]
[Source "ChessBase"]
[SourceDate "2018.10.10"]
[SourceVersion "1"]
[SourceVersionDate "2018.10.10"]
[SourceQuality "1"]

1. d4 Nf6 2. c4 g6 3. Nc3 d5 4. Bg5 Ne4 5. Bh4 Nxc3 6. bxc3 dxc4 7. e3 Be6 8. Be2 Bg7 9. a4 Bd5 10. Nf3 c5 11. 0-0 0-0 12. Qc2 f5 13. Qa2 Qd6 14. Bxc4 e6 15. Bxd5 Qxd5 16. Qxd5 exd5 17. Be7 Rc8 18. Bxc5 b6 19. Bb4 a5 20. Bd6 Nd7 21. Rfc1 Rc6 22. Ba3 Rac8 23. Bb2 Nf6 24. Ne5 R6c7 25. f3 Ne8 26. Nd3 Bh6 27. Kf2 Nd6 28. Rc2 Nc4 29. Bc1 Re7 30. Rb1 Bxe3+ 31. Bxe3 Rxe3 32. Nf4 Rd8 1/2-1/2

[Event "Sautron op 15th"]
[Site "Sautron"]
[Date "2015.10.23"]
[Round "3.41"]
[White "Letertre, Arnaud"]
[Black "Demanghon, Jonathan"]
[Result "0-1"]
[WhiteElo "1919"]
[BlackElo "2166"]
[PlyCount "52"]
[EventDate "2015.10.24"]
[EventType "swiss"]
[EventRounds "9"]
[EventCountry "FRA"]
[SourceTitle "EXT 2019"]
[Source "ChessBase"]
[SourceDate "2018.10.10"]
[SourceVersion "1"]
[SourceVersionDate "2018.10.10"]
[SourceQuality "1"]

1. d4 d5 2. c4 c6 3. Nf3 Nf6 4. Nc3 dxc4 5. a4 Bf5 6. e3 e6 7. Bxc4 Bb4 8. 0-0 0-0 9. Ne5 Nbd7 10. Nd3 Bd6 11. f3 Bxd3 12. Qxd3 e5 13. Ne4 Nxe4 14. fxe4 Qe7 15. Bd2 Rad8 16. Qc2 Bc7 17. Kh1 Nf6 18. d5 cxd5 19. exd5 e4 20. Rf5 g6 21. Rf2 Ng4 22. Raf1 Qh4 23. g3 Bxg3 24. Rg2 Nxh2 25. Kg1 Nf3+ 26. Rxf3 exf3 0-1

[Event "Caen Alekhine op-A 22nd"]
[Site "Caen"]
[Date "2012.11.04"]
[Round "6"]
[White "Demanghon, Jonathan"]
[Black "Marie, Maxime"]
[Result "0-1"]
[WhiteElo "2197"]
[BlackElo "2169"]
[PlyCount "74"]
[EventDate "2012.11.01"]
[EventType "swiss"]
[EventRounds "7"]
[EventCountry "FRA"]
[SourceTitle "EXT 2013"]
[Source "ChessBase"]
[SourceDate "2012.11.22"]
[SourceVersion "1"]
[SourceVersionDate "2012.11.22"]
[SourceQuality "1"]

1. d4 Nf6 2. c4 e6 3. g3 Bb4+ 4. Bd2 a5 5. Bg2 d5 6. Nf3 0-0 7. 0-0 b6 8. cxd5 exd5 9. Bf4 Bb7 10. Qc2 Nc6 11. Nc3 Re8 12. Nb5 Bd6 13. Nxd6 cxd6 14. Bg5 h6 15. Bxf6 Qxf6 16. Rfd1 Nb4 17. Qd2 Rac8 18. Ne1 Ba6 19. Bf3 g5 20. b3 Qf5 21. g4 Qe6 22. e3 Kg7 23. Rdc1 Nc6 24. Rc3 Ne7 25. Rac1 Ng6 26. Ng2 Ne7 27. Rxc8 Rxc8 28. Rxc8 Qxc8 29. h3 Qc6 30. h4 Ng6 31. h5 Ne7 32. Bd1 Ng8 33. Qc2 Qb5 34. Kh2 Qf1 35. Kg3 Nf6 36. Bf3 Bd3 37. Qd1 Ne4+ 0-1

[Event "Cappelle op 27th"]
[Site "Cappelle la Grande"]
[Date "2011.02.28"]
[Round "3"]
[White "Apicella, Manuel"]
[Black "Demanghon, Jonathan"]
[Result "1-0"]
[WhiteElo "2531"]
[BlackElo "2193"]
[PlyCount "91"]
[EventDate "2011.02.26"]
[EventType "swiss"]
[EventRounds "9"]
[EventCountry "FRA"]
[SourceTitle "CBM 141 Extra"]
[Source "ChessBase"]
[SourceDate "2011.05.03"]
[SourceVersion "1"]
[SourceVersionDate "2011.05.03"]
[SourceQuality "1"]

1. e4 e5 2. Nf3 Nc6 3. Bb5 a6 4. Ba4 Nf6 5. 0-0 Be7 6. Re1 b5 7. Bb3 d6 8. c3 0-0 9. h3 Na5 10. Bc2 c5 11. d4 Qc7 12. d5 Bd7 13. Nbd2 c4 14. Nf1 Nb7 15. g4 h5 16. g5 Nh7 17. h4 g6 18. N1h2 Nc5 19. Kh1 a5 20. Qe2 Rab8 21. Be3 b4 22. Nd2 bxc3 23. bxc3 Rb2 24. Rec1 f6 25. a4 Nb3 26. Bxb3 cxb3 27. gxf6 Rxf6 28. c4 Qb8 29. Rg1 Kh8 30. Qd3 Qb4 31. c5 Bxa4 32. Qc4 Bb5 33. Qxb4 axb4 34. c6 Ra2 35. Nxb3 Ra3 36. Rxa3 bxa3 37. Ra1 Rf8 38. Rxa3 Bxh4 39. Kg2 Bd8 40. Nf3 g5 41. Nfd4 Bd3 42. Nd2 Bxe4+ 43. Nxe4 exd4 44. Bxd4+ Bf6 45. Nxf6 Nxf6 46. Rf3 1-0

[Event "FRA-chT1 1011"]
[Site "France"]
[Date "2010.12.11"]
[Round "4.4"]
[White "Stephan, Victor"]
[Black "Demanghon, Jonathan"]
[Result "1-0"]
[WhiteElo "2241"]
[BlackElo "2181"]
[PlyCount "57"]
[EventDate "2010.10.17"]
[EventType "team-tourn"]
[EventRounds "11"]
[EventCountry "FRA"]
[SourceTitle "EXT 2012"]
[Source "ChessBase"]
[SourceDate "2011.11.24"]
[SourceVersion "1"]
[SourceVersionDate "2011.11.24"]
[SourceQuality "1"]

1. e4 e6 2. d4 d5 3. Nc3 Bb4 4. e5 Ne7 5. a3 Bxc3+ 6. bxc3 b6 7. Qg4 Ng6 8. h4 h5 9. Qg3 Ba6 10. Ne2 Kf8 11. Bg5 Qe8 12. Nf4 Bxf1 13. Nxg6+ fxg6 14. Kxf1 Nc6 15. Rh3 Kg8 16. Qd3 Kh7 17. Ke2 Ne7 18. Bxe7 Qxe7 19. Rg3 Qf7 20. Rg5 Raf8 21. f3 Kh6 22. Rg1 Qe8 23. g4 hxg4 24. R5xg4 Rf5 25. f4 Rhf8 26. Qg3 Kh7 27. Rxg6 Rxf4 28. Rxg7+ Kh6 29. Qg5# 1-0

[Event "Saint Affrique op 18th"]
[Site "Saint Affrique"]
[Date "2010.07.24"]
[Round "1"]
[White "Vignette, Jeanne"]
[Black "Demanghon, Jonathan"]
[Result "1-0"]
[WhiteElo "1656"]
[BlackElo "2183"]
[PlyCount "51"]
[EventDate "2010.07.24"]
[EventType "swiss"]
[EventRounds "9"]
[EventCountry "FRA"]
[SourceTitle "CBM 137 Extra"]
[Source "ChessBase"]
[SourceDate "2010.09.01"]
[SourceVersion "1"]
[SourceVersionDate "2010.09.01"]
[SourceQuality "1"]

1. e4 e6 2. d4 d5 3. Nd2 Nf6 4. e5 Nfd7 5. f4 c5 6. c3 Nc6 7. Ndf3 Qb6 8. Ne2 Be7 9. Qc2 f6 10. Be3 cxd4 11. exf6 gxf6 12. Nexd4 Nc5 13. Nxc6 Qxc6 14. Nd4 Qc7 15. Be2 Bd7 16. Bh5+ Kd8 17. 0-0 b6 18. Bf7 Qd6 19. c4 Rf8 20. Qxh7 dxc4 21. Rad1 Nd3 22. b3 Nb2 23. Nxe6+ Bxe6 24. Rxd6+ Bxd6 25. Bxe6 Be7 26. Qc2 1-0

[Event "La Fere op"]
[Site "La Fere"]
[Date "2010.07.08"]
[Round "7"]
[White "Fomichenko, Svetlana"]
[Black "Demanghon, Jonathan"]
[Result "1/2-1/2"]
[WhiteElo "2218"]
[BlackElo "2188"]
[PlyCount "59"]
[EventDate "2010.07.03"]
[EventType "swiss"]
[EventRounds "9"]
[EventCountry "FRA"]
[SourceTitle "CBM 137 Extra"]
[Source "ChessBase"]
[SourceDate "2010.09.01"]
[SourceVersion "1"]
[SourceVersionDate "2010.09.01"]
[SourceQuality "1"]

1. e4 e6 2. d4 d5 3. Nc3 Nf6 4. Bg5 Bb4 5. e5 h6 6. Bd2 Bxc3 7. bxc3 Ne4 8. Bd3 Nxd2 9. Qxd2 c5 10. Nh3 Nc6 11. Be2 Qa5 12. Rd1 Bd7 13. 0-0 Rc8 14. dxc5 Qxc5 15. c4 Nxe5 16. cxd5 0-0 17. Nf4 Qxc2 18. Qd4 Qf5 19. Nd3 Ng6 20. Nc5 Nf4 21. Bf3 Bb5 22. Rfe1 b6 23. Nb7 Qf6 24. Nd6 Rc5 25. dxe6 Nxe6 26. Qxf6 gxf6 27. Ne4 Rc2 28. Nxf6+ Kg7 29. Nh5+ Kh8 30. a3 1/2-1/2

[Event "La Fere op"]
[Site "La Fere"]
[Date "2010.07.03"]
[Round "1"]
[White "Demanghon, Jonathan"]
[Black "Boudier, Eric"]
[Result "1-0"]
[WhiteElo "2188"]
[BlackElo "1858"]
[PlyCount "91"]
[EventDate "2010.07.03"]
[EventType "swiss"]
[EventRounds "9"]
[EventCountry "FRA"]
[SourceTitle "CBM 137 Extra"]
[Source "ChessBase"]
[SourceDate "2010.09.01"]
[SourceVersion "1"]
[SourceVersionDate "2010.09.01"]
[SourceQuality "1"]

1. d4 Nc6 2. Nf3 d6 3. e4 Bg4 4. Bb5 a6 5. Ba4 b5 6. Bb3 e6 7. Be3 Nf6 8. Nbd2 Na5 9. 0-0 Be7 10. c4 0-0 11. cxb5 Nxb3 12. Qxb3 axb5 13. Qxb5 Rb8 14. Qc6 Rxb2 15. Rfc1 Qa8 16. Qxa8 Rxa8 17. Rxc7 Bd8 18. Rc6 d5 19. h3 Bxf3 20. gxf3 Ba5 21. Nb3 Bb4 22. Nc5 dxe4 23. fxe4 Bxc5 24. dxc5 Nxe4 25. Rb6 Rc2 26. Rab1 Kf8 27. R1b4 Nc3 28. Rb8+ Rxb8 29. Rxb8+ Ke7 30. Rb7+ Ke8 31. a3 Nd5 32. Rb5 Rc4 33. Bd2 Kd7 34. Bb4 h5 35. Rb7+ Nc7 36. Rb8 g6 37. Kg2 f6 38. Rb6 g5 39. Rd6+ Kc8 40. Rc6 Kd7 41. Rd6+ Kc8 42. Ba5 Nd5 43. c6 Nc7 44. Kf3 Rf4+ 45. Kg3 Re4 46. Rd7 1-0

[Event "FRA-chT2 0910"]
[Site "France"]
[Date "2010.01.24"]
[Round "7.3"]
[White "Bollore, Jacques"]
[Black "Demanghon, Jonathan"]
[Result "1/2-1/2"]
[WhiteElo "2129"]
[BlackElo "2222"]
[PlyCount "74"]
[EventDate "2009.09.27"]
[EventType "team-tourn"]
[EventRounds "11"]
[EventCountry "FRA"]
[SourceTitle "EXT 2011"]
[Source "ChessBase"]
[SourceDate "2010.11.26"]
[SourceVersion "1"]
[SourceVersionDate "2010.11.26"]
[SourceQuality "1"]

1. e4 e6 2. d4 d5 3. Nc3 Nf6 4. Bg5 Bb4 5. exd5 Qxd5 6. Bxf6 Bxc3+ 7. bxc3 gxf6 8. Qd3 Nc6 9. Nf3 e5 10. c4 Qa5+ 11. c3 Bf5 12. Qd2 0-0-0 13. d5 Qa4 14. Nh4 Bg6 15. Nxg6 fxg6 16. Qb2 Ne7 17. Rb1 b6 18. Be2 c6 19. dxc6 Qxc6 20. 0-0 Rd6 21. Qa3 Rd7 22. c5 Qxc5 23. Ba6+ Kc7 24. Qa4 Nc8 25. Rb4 Qe7 26. c4 Rd4 27. Rc1 Rhd8 28. h3 Rd1+ 29. Rxd1 Rxd1+ 30. Qxd1 Qxb4 31. Qd5 Nd6 32. Bb5 Qe1+ 33. Kh2 Qe4 34. Qe6 Qf4+ 35. Kg1 Qc1+ 36. Kh2 Qf4+ 37. Kg1 Qc1+ 1/2-1/2

[Event "FRA-chT2 0910"]
[Site "France"]
[Date "2009.11.22"]
[Round "4.4"]
[White "Demanghon, Jonathan"]
[Black "Lemasle, Raphael"]
[Result "1/2-1/2"]
[WhiteElo "2218"]
[BlackElo "2075"]
[PlyCount "59"]
[EventDate "2009.09.27"]
[EventType "team-tourn"]
[EventRounds "11"]
[EventCountry "FRA"]
[SourceTitle "EXT 2011"]
[Source "ChessBase"]
[SourceDate "2010.11.26"]
[SourceVersion "1"]
[SourceVersionDate "2010.11.26"]
[SourceQuality "1"]

1. d4 g6 2. c4 Bg7 3. e4 d6 4. Nc3 e5 5. d5 Ne7 6. Be2 Nd7 7. h4 h5 8. Nf3 a5 9. Be3 Nf6 10. Nd2 Ng4 11. Bxg4 hxg4 12. c5 f5 13. cxd6 cxd6 14. Nc4 Ra6 15. Qb3 fxe4 16. Bb6 Qd7 17. Nb5 Nf5 18. Nc7+ Kf7 19. Nxa6 bxa6 20. Rc1 Kg8 21. Qa3 Bb7 22. Ne3 Nxh4 23. Rxh4 Rxh4 24. Rc7 Rh1+ 25. Kd2 Qb5 26. Rxb7 Bh6 27. Qb3 Qf1 28. Rb8+ Kf7 29. Rb7+ Kg8 30. Rb8+ 1/2-1/2

[Event "FRA-chT2 0910"]
[Site "France"]
[Date "2009.10.17"]
[Round "2.3"]
[White "Demanghon, Jonathan"]
[Black "Renault, Fabien"]
[Result "1/2-1/2"]
[WhiteElo "2203"]
[BlackElo "2204"]
[PlyCount "155"]
[EventDate "2009.09.27"]
[EventType "team-tourn"]
[EventRounds "11"]
[EventCountry "FRA"]
[SourceTitle "EXT 2011"]
[Source "ChessBase"]
[SourceDate "2010.11.26"]
[SourceVersion "1"]
[SourceVersionDate "2010.11.26"]
[SourceQuality "1"]

1. d4 f5 2. Nc3 d5 3. Bf4 c6 4. e3 Nf6 5. Bd3 e6 6. h3 Bb4 7. Nge2 0-0 8. 0-0 b6 9. Na4 Ba6 10. b3 Bxd3 11. Qxd3 Bd6 12. c4 Qe7 13. Rac1 Nbd7 14. Rc2 e5 15. dxe5 Nxe5 16. Qd1 dxc4 17. Nd4 Ne8 18. Nxc6 Nxc6 19. Qd5+ Kh8 20. Qxc6 Rd8 21. Rxc4 Bxf4 22. Rxf4 Qe5 23. Qc3 Qe6 24. Nb2 Nf6 25. Qc4 Qxc4 26. Nxc4 g6 27. g4 Nd5 28. Rd4 Nc3 29. Rxd8 Rxd8 30. Kg2 b5 31. Ne5 Rd2 32. gxf5 gxf5 33. Kf3 Kg7 34. Kf4 Kf6 35. Nc6 Rxa2 36. Nd4 Ne2+ 37. Nxe2 Rxe2 38. Kf3 Rb2 39. Ra1 Rxb3 40. Rxa7 h6 41. Ra6+ Kg5 42. h4+ Kxh4 43. Rxh6+ Kg5 44. Rh8 Rb4 45. Rf8 Kg6 46. Rd8 Kf6 47. Rd5 Ke6 48. Rc5 Kf6 49. Kg3 Rg4+ 50. Kf3 Rb4 51. Kg3 Rg4+ 52. Kh3 Rb4 53. f4 Rb3 54. Kh4 Rxe3 55. Rxb5 Re6 56. Kh5 Re4 57. Rb6+ Re6 58. Rb8 Re7 59. Kh6 Ke6 60. Kg6 Rd7 61. Rb6+ Ke7 62. Kxf5 Kf7 63. Kg5 Rc7 64. f5 Kg7 65. Rg6+ Kf7 66. Rh6 Kg7 67. f6+ Kg8 68. Kg6 Rg7+ 69. Kf5 Rb7 70. Rh4 Rb5+ 71. Kg6 Rb7 72. Rd4 Rg7+ 73. Kf5 Rb7 74. Rg4+ Kf8 75. Kg6 Rb2 76. Rg3 Rb1 77. Ra3 Rg1+ 78. Kf5 1/2-1/2

[Event "La Fere op 8th"]
[Site "La Fere"]
[Date "2009.07.07"]
[Round "5"]
[White "Demanghon, Jonathan"]
[Black "Daniel, Antoine"]
[Result "1-0"]
[WhiteElo "2211"]
[BlackElo "1835"]
[PlyCount "51"]
[EventDate "2009.07.04"]
[EventType "swiss"]
[EventRounds "9"]
[EventCountry "FRA"]
[SourceTitle "CBM 131 Extra"]
[Source "ChessBase"]
[SourceDate "2009.09.03"]
[SourceVersion "2"]
[SourceVersionDate "2009.09.16"]
[SourceQuality "1"]

1. d4 Nf6 2. c4 e6 3. g3 c5 4. d5 exd5 5. cxd5 d6 6. Nf3 Bf5 7. Bg2 Nbd7 8. Nc3 Nb6 9. 0-0 Be7 10. Nh4 Bg6 11. Nxg6 hxg6 12. e4 Nfd7 13. a4 g5 14. Qe2 Ne5 15. f4 gxf4 16. gxf4 Ng6 17. e5 0-0 18. Bd2 Re8 19. e6 Bf6 20. a5 Nc8 21. Be1 Bd4+ 22. Kh1 Qf6 23. Ne4 Qf5 24. exf7+ Kxf7 25. Ng5+ Qxg5 26. fxg5+ 1-0

[Event "La Fere op 8th"]
[Site "La Fere"]
[Date "2009.07.06"]
[Round "3"]
[White "Demanghon, Jonathan"]
[Black "Gharamian, Tigran"]
[Result "1/2-1/2"]
[WhiteElo "2211"]
[BlackElo "2615"]
[PlyCount "98"]
[EventDate "2009.07.04"]
[EventType "swiss"]
[EventRounds "9"]
[EventCountry "FRA"]
[SourceTitle "CBM 131 Extra"]
[Source "ChessBase"]
[SourceDate "2009.09.03"]
[SourceVersion "2"]
[SourceVersionDate "2009.09.16"]
[SourceQuality "1"]

1. d4 e6 2. c4 Nf6 3. g3 c5 4. d5 exd5 5. cxd5 d6 6. Bg2 g6 7. Nf3 Bg7 8. 0-0 0-0 9. Nc3 Re8 10. Bf4 a6 11. a4 Qc7 12. Rc1 Nbd7 13. Re1 Rb8 14. b4 Nh5 15. Bd2 Qb6 16. b5 c4 17. Rb1 a5 18. Rc1 Nhf6 19. Bf4 Nh5 20. Bd2 Nhf6 21. Bf4 h6 22. Nd2 Ng4 23. Rf1 Nde5 24. h3 g5 25. hxg4 gxf4 26. gxf4 Nxg4 27. Nxc4 Qd8 28. Qd3 f5 29. Nd1 Qh4 30. Qh3 Qe7 31. Bf3 Bd7 32. Nde3 Kh8 33. Nxg4 fxg4 34. Bxg4 Bxg4 35. Qxg4 Bb2 36. Qh5 Bxc1 37. Qxh6+ Qh7 38. Qxh7+ Kxh7 39. Rxc1 Rbc8 40. Kg2 Rxe2 41. Rh1+ Kg6 42. Nxd6 Rcc2 43. Nxb7 Rxf2+ 44. Kg3 Rfd2 45. Rf1 Rxd5 46. Nxa5 Kf5 47. Nc6 Rd3+ 48. Rf3 Rdd2 49. Rb3 Rg2+ 1/2-1/2

[Event "FRA-chT2 West 0809"]
[Site "France"]
[Date "2009.04.04"]
[Round "10.3"]
[White "Bergez, Luc"]
[Black "Demanghon, Jonathan"]
[Result "1-0"]
[WhiteElo "2361"]
[BlackElo "2220"]
[PlyCount "57"]
[EventDate "2008.10.19"]
[EventType "tourn"]
[EventRounds "11"]
[EventCountry "FRA"]
[SourceTitle "EXT 2010"]
[Source "ChessBase"]
[SourceDate "2010.11.25"]
[SourceVersion "1"]
[SourceVersionDate "2010.11.25"]
[SourceQuality "1"]
[WhiteTeam "Evry Grand Roque II"]
[BlackTeam "Rennes Paul Bert"]
[WhiteTeamCountry "FRA"]
[BlackTeamCountry "FRA"]

1. e4 e6 2. b3 d5 3. Bb2 dxe4 4. Nc3 Nf6 5. g4 Nc6 6. g5 Nd5 7. Nxe4 e5 8. Qe2 Be7 9. 0-0-0 Nd4 10. Qd3 Nf4 11. Qe3 Nd5 12. Qg3 Nf4 13. Re1 Qd5 14. Bc4 Qd7 15. Nf3 Nxf3 16. Qxf3 0-0 17. Bxe5 Ng6 18. Bb2 Qh3 19. Ng3 Bxg5 20. Re8 Qd7 21. Rxf8+ Nxf8 22. Nh5 Bh6 23. Rg1 Ng6 24. Nf6+ gxf6 25. Qxf6 Kf8 26. Ba3+ Kg8 27. Rxg6+ hxg6 28. Qxg6+ Bg7 29. Bb2 1-0

[Event "FRA-chT2 West 0809"]
[Site "France"]
[Date "2008.11.23"]
[Round "3.3"]
[White "Le Gallo, Frederic"]
[Black "Demanghon, Jonathan"]
[Result "1/2-1/2"]
[WhiteElo "2031"]
[BlackElo "2220"]
[PlyCount "74"]
[EventDate "2008.10.19"]
[EventType "tourn"]
[EventRounds "11"]
[EventCountry "FRA"]
[SourceTitle "EXT 2010"]
[Source "ChessBase"]
[SourceDate "2010.11.25"]
[SourceVersion "1"]
[SourceVersionDate "2010.11.25"]
[SourceQuality "1"]
[WhiteTeam "Nantes II"]
[BlackTeam "Rennes Paul Bert"]
[WhiteTeamCountry "FRA"]
[BlackTeamCountry "FRA"]

1. e4 e6 2. d4 d5 3. Nc3 Nf6 4. Bg5 Bb4 5. e5 h6 6. exf6 hxg5 7. fxg7 Rg8 8. Qh5 Qf6 9. h4 gxh4 10. Rxh4 Qxg7 11. Nge2 Nc6 12. 0-0-0 Bd7 13. Rd3 0-0-0 14. Rg3 Qh8 15. Qxf7 Qxh4 16. Rxg8 Rxg8 17. Qxg8+ Nd8 18. a3 Qxf2 19. axb4 Qe1+ 20. Nd1 Qxf1 21. Kd2 Bb5 22. Qg4 Bxe2 23. Qxe2 Qf6 24. c3 Nf7 25. Ne3 Ng5 26. Kc2 Qf4 27. Kb3 c6 28. Ng4 Kc7 29. Ne5 Ne4 30. Qh5 Qc1 31. Qh7+ Kb6 32. Nd7+ Kb5 33. Nc5 Qd1+ 34. Ka2 Nxc5 35. bxc5 Qa4+ 36. Kb1 Qd1+ 37. Ka2 Qa4+ 1/2-1/2

[Event "FRA-chT2 West 0809"]
[Site "France"]
[Date "2008.10.19"]
[Round "1.3"]
[White "Demanghon, Jonathan"]
[Black "Beneteau, Hubert"]
[Result "1-0"]
[WhiteElo "2220"]
[BlackElo "2096"]
[PlyCount "48"]
[EventDate "2008.10.19"]
[EventType "tourn"]
[EventRounds "11"]
[EventCountry "FRA"]
[SourceTitle "EXT 2010"]
[Source "ChessBase"]
[SourceDate "2010.11.25"]
[SourceVersion "1"]
[SourceVersionDate "2010.11.25"]
[SourceQuality "1"]
[WhiteTeam "Rennes Paul Bert"]
[BlackTeam "Agneaux Saint Lo"]
[WhiteTeamCountry "FRA"]
[BlackTeamCountry "FRA"]

1. d4 d5 2. c4 c6 3. Nc3 Nf6 4. e3 a6 5. Nf3 b5 6. c5 Bg4 7. Qb3 Bxf3 8. gxf3 e5 9. a4 Nbd7 10. Qa3 Nb6 11. Qa2 b4 12. cxb6 bxc3 13. b7 Rb8 14. bxc3 exd4 15. exd4 Rxb7 16. Bxa6 Re7+ 17. Be2 Re6 18. Be3 Qa5 19. Kd2 Bd6 20. Bd3 0-0 21. Bf5 Re7 22. Qc2 c5 23. Rab1 cxd4 24. Bxd4 Rfe8 1-0

[Event "Creon op 13th"]
[Site "Creon"]
[Date "2008.07.31"]
[Round "6"]
[White "Guliev, Logman"]
[Black "Demanghon, Jonathan"]
[Result "1/2-1/2"]
[WhiteElo "2436"]
[BlackElo "2213"]
[PlyCount "94"]
[EventDate "2008.07.28"]
[EventType "swiss"]
[EventRounds "9"]
[EventCountry "FRA"]
[SourceTitle "CBM 125 Extra"]
[Source "ChessBase"]
[SourceDate "2008.09.01"]
[SourceVersion "1"]
[SourceVersionDate "2008.09.01"]
[SourceQuality "1"]

1. e4 e6 2. d4 d5 3. Nc3 Nf6 4. Bg5 Bb4 5. e5 h6 6. Bd2 Bxc3 7. bxc3 Ne4 8. Qg4 g6 9. Bd3 Nxd2 10. Kxd2 c5 11. h4 Nd7 12. Rh3 Qe7 13. Qf4 c4 14. Be2 b6 15. a4 Bb7 16. g4 0-0-0 17. g5 hxg5 18. hxg5 Rxh3 19. Nxh3 Rh8 20. Qg3 a5 21. f4 Bc6 22. Nf2 Kb7 23. Ng4 Ka6 24. Qg2 Kb7 25. Nh6 Kc7 26. Ng4 Qf8 27. Bf3 Qd8 28. Rh1 Rxh1 29. Qxh1 Qf8 30. Qh7 Bxa4 31. Nh6 Bxc2 32. Nxf7 Qa3 33. Qh8 Nf8 34. Kxc2 Qb3+ 35. Kd2 Qb2+ 36. Ke3 Qc1+ 37. Kf2 Qd2+ 38. Kg3 Qe1+ 39. Kg2 Qd2+ 40. Kg3 Qe1+ 41. Kg4 Qg1+ 42. Kh3 Qe3 43. Kg3 Qe1+ 44. Kh3 Qe3 45. Kg2 Qd2+ 46. Kf1 Qc1+ 47. Kg2 Qd2+ 1/2-1/2

[Event "Creon op 13th"]
[Site "Creon"]
[Date "2008.07.28"]
[Round "1"]
[White "Demanghon, Jonathan"]
[Black "Diologent, Matthieu"]
[Result "1-0"]
[WhiteElo "2213"]
[BlackElo "1907"]
[PlyCount "55"]
[EventDate "2008.07.28"]
[EventType "swiss"]
[EventRounds "9"]
[EventCountry "FRA"]
[SourceTitle "CBM 125 Extra"]
[Source "ChessBase"]
[SourceDate "2008.09.01"]
[SourceVersion "1"]
[SourceVersionDate "2008.09.01"]
[SourceQuality "1"]

1. d4 c6 2. c4 d5 3. Nf3 Nf6 4. e3 e6 5. Nbd2 Nbd7 6. b3 b6 7. Bb2 Ba6 8. Bd3 c5 9. 0-0 Bd6 10. Ne5 cxd4 11. exd4 dxc4 12. Ndxc4 Bxc4 13. bxc4 Bxe5 14. dxe5 Ng8 15. Qa4 Kf8 16. Be4 Nc5 17. Ba3 Rc8 18. Qxa7 g6 19. Rab1 Kg7 20. Bf3 Ne7 21. Rxb6 Nf5 22. Bxc5 Rxc5 23. Rb7 Rxe5 24. Rxf7+ Kh6 25. Rd7 Qg5 26. Qa3 Nh4 27. Bb7 Rd8 28. f4 1-0

[Event "La Fere op 7th"]
[Site "La Fere"]
[Date "2008.07.06"]
[Round "3"]
[White "Demanghon, Jonathan"]
[Black "Ben Porat, Tal"]
[Result "1-0"]
[WhiteElo "2213"]
[BlackElo "1659"]
[PlyCount "39"]
[EventDate "2008.07.05"]
[EventType "swiss"]
[EventRounds "9"]
[EventCountry "FRA"]
[SourceTitle "CBM 125 Extra"]
[Source "ChessBase"]
[SourceDate "2008.09.01"]
[SourceVersion "1"]
[SourceVersionDate "2008.09.01"]
[SourceQuality "1"]

1. d4 d5 2. c4 dxc4 3. e3 e5 4. Bxc4 Nf6 5. Nf3 a6 6. 0-0 c5 7. Bd3 Nc6 8. a3 cxd4 9. exd4 Ne7 10. Nc3 Ned5 11. Bc2 Be7 12. Qd3 h6 13. Nxe5 Bd6 14. Qg3 Rg8 15. Re1 Qc7 16. Nxd5 Nxd5 17. Bh7 Rf8 18. Qxg7 f6 19. Bg6+ Kd8 20. Nf7+ 1-0

[Event "FRA-chT2 West 0708"]
[Site "France"]
[Date "2008.03.15"]
[Round "8.2"]
[White "Seret, Jean Luc"]
[Black "Demanghon, Jonathan"]
[Result "1-0"]
[WhiteElo "2380"]
[BlackElo "2221"]
[PlyCount "67"]
[EventDate "2007.10.21"]
[EventType "team-tourn"]
[EventRounds "11"]
[EventCountry "FRA"]
[SourceTitle "EXT 2009"]
[Source "ChessBase"]
[SourceDate "2008.11.26"]
[SourceVersion "1"]
[SourceVersionDate "2008.11.26"]
[SourceQuality "1"]
[WhiteTeam "Gif sur Yvette"]
[BlackTeam "Rennes Paul Bert"]
[WhiteTeamCountry "FRA"]
[BlackTeamCountry "FRA"]

1. e4 e6 2. d4 d5 3. e5 c5 4. Nf3 Nc6 5. Bd3 cxd4 6. 0-0 f5 7. a3 Nh6 8. Bxh6 gxh6 9. Nbd2 Bg7 10. Re1 Bd7 11. b4 0-0 12. Nb3 Rc8 13. Nbxd4 Nxd4 14. Nxd4 Qb6 15. Nb3 Ba4 16. Nc5 Qc6 17. Qe2 b6 18. Nxa4 Qxa4 19. Bb5 Qxc2 20. Bd7 Qxe2 21. Rxe2 Rc3 22. Bxe6+ Kh8 23. f4 d4 24. Rd2 Rd8 25. g3 h5 26. Bxf5 h4 27. Kg2 Bf8 28. Rad1 hxg3 29. hxg3 Rxa3 30. Rxd4 Rxd4 31. Rxd4 Rb3 32. Rd8 Kg7 33. Rd7+ Kg8 34. Be6+ 1-0